Central Library OPAC University of Rajshahi

বাংলা গদ্যসাহিত্যের ইতিহাস / (Record no. 44200)

MARC details
000 -LEADER
fixed length control field 00881nam a2200229 a 4500
001 - CONTROL NUMBER
control field 44200
003 - CONTROL NUMBER IDENTIFIER
rucl marc code BD-RjUL
005 - DATE AND TIME OF LATEST TRANSACTION
control field 20211209053820.0
008 - FIXED-LENGTH DATA ELEMENTS--GENERAL INFORMATION
fixed length control field 160714s1961 ii ||||| |||| 00| 0 ben d
020 ## - INTERNATIONAL STANDARD BOOK NUMBER
Terms of availability : Tk. 14.00
035 ## - SYSTEM CONTROL NUMBER
System control number (BD-RjUL)44318
040 ## - CATALOGING SOURCE
Original cataloging agency BD-RjUL
Language of cataloging ben
Transcribing agency BD-RjUL
041 ## - LANGUAGE CODE
Language code of text/sound track or separate title ben
082 ## - DEWEY DECIMAL CLASSIFICATION NUMBER
Edition number 23
Classification number 891.4409
Author mark and year DAB 1961
100 ## - MAIN ENTRY--PERSONAL NAME
Personal name দাস, সজনীকান্ত
9 (RLIN) 135718
245 10 - TITLE STATEMENT
Title বাংলা গদ্যসাহিত্যের ইতিহাস /
Statement of responsibility, etc. সজনীকান্ত দাস
260 ## - PUBLICATION, DISTRIBUTION, ETC. (IMPRINT)
Place of publication, distribution, etc. কলিকাতা :
Name of publisher, distributor, etc. মিত্রালয়,
Date of publication, distribution, etc. ১৯৬১
300 ## - PHYSICAL DESCRIPTION
Pagination ৪১৮ পৃ. ;
Size ২২ সেমি.
650 ## - SUBJECT ADDED ENTRY--TOPICAL TERM
Topical term or geographic name as entry element বাংলা সাহিত্য
General subdivision ইতিহাস ও সমালোচনা
9 (RLIN) 135719
Topical term or geographic name as entry element Bengali literature
General subdivision History and criticism
9 (RLIN) 117020
942 ## - ADDED ENTRY ELEMENTS (KOHA)
Source of classification or shelving scheme Dewey Decimal Classification
Koha item type Books
Holdings
Lost status Source of classification or shelving scheme Damaged status Not for loan Collection code Permanent Location Current Location Shelving location Date acquired Source of acquisition Cost, normal purchase price Total Checkouts Total Renewals Full call number Date last seen Date checked out Copy number Koha item type
  Dewey Decimal Classification     Non-fiction Central Library, University of Rajshahi Central Library, University of Rajshahi   13/01/1965 Ideal 15.75 3   B 891.4409 DAB 1961 15/12/2021 15/12/2021 C-2 Books
  Dewey Decimal Classification     Non-fiction Central Library, University of Rajshahi Central Library, University of Rajshahi   13/01/1965 Ideal Library : Dhaka 15.75 2   B 891.4409 DAB 1961 07/11/2021 09/03/2020 C-3 Books
  Dewey Decimal Classification     Non-fiction Central Library, University of Rajshahi Central Library, University of Rajshahi   13/01/1965 Ideal Library : Dhaka 15.75 1   B 891.4409 DAB 1961 29/05/2018 10/05/2018 C-4 Books
  Dewey Decimal Classification   Not For Loan Non-fiction Central Library, University of Rajshahi Central Library, University of Rajshahi Reading Room 27/09/2018         B 891.4409 DAB 1961 27/09/2018   C-1 Books